000 00655nam a2200193 4500
001 126592
003 ES-MaACL
005 20250817022711.0
007 t|
008 070214s1964 sp r ||||1| spa d
100 1 _aReuter, H. J.
_996379
245 1 0 _aAtlas de endoscopia urológica /
_cH. J. Reuter ; con una introducción de M. Hösel ; traducción de José Mª Gil-Vernet.
260 _aBarcelona :
_bLabor,
_c1964.
300 _aX, 118 p., 26 lám. :
_bil. ;
_c25 cm.
700 1 _aHösel, M.
_964278
700 1 _aGil-Vernet Vila, José María,
_d1922-2020
_956887
852 _aES-MaACL
_jC-25581
_bR.54300
999 _c126592
_d126592